| 000 | 00391nam a22001457a 4500 | ||
|---|---|---|---|
| 005 | 20250205173231.0 | ||
| 008 | 250205b |||||||| |||| 00| 0 eng d | ||
| 020 | _a02537494 | ||
| 050 |
_aHG8051 _bCLA |
||
| 100 | _aClaessens, Stijn | ||
| 245 | _aRisk management in developing countries | ||
| 260 |
_aUSA _bThe World Bank Washington, D.C. _cc1993 |
||
| 300 | _aviii, 116p | ||
| 942 |
_2lcc _cBK _n0 |
||
| 999 |
_c3466 _d3466 |
||